000 00340nam a2200133 i 4500
001 bg
100 1 _aŁYSKANOWSKI, J.
245 0 _aUkłady elektroniczne w zmechanizowanym sprzęcie domowym /
_cJ. Łyskanowski.
260 _aWarszawa,
_c1985.
040 _cBPK
041 _apol
942 _cKS
008 s pl f |000 0 pol
999 _c1132
_d1132
856 _uhttp://koha.tu.koszalin.pl/cgi-bin/koha/opac-detail.pl?biblionumber=1132
_yKatalog online BPK